Southville International School and Colleges
Your cart is empty.
  • Cart
  • Lists
    Public lists Eva Luna New books Lux_list list_1
    Your lists Log in to create your own lists
  • Log in to your account
  • Your cookies
  • Search history
Southville International School and Colleges
  • Advanced search
  • Recent comments
  • Most popular
  • Libraries

Log in to your account

Log in with GOOGLE


If you do not have an external account, but do have a local account, you can still log in:

  1. Home
  2. MARC view: Middle management in the primary school /
Normal view MARC view ISBD view

Middle management in the primary school / (Record no. 101934)

[ view plain ]
MARC details
000 -LEADER
fixed length control field 00573nam a2200181 a 4500
005 - DATE AND TIME OF LATEST TRANSACTION
control field 20140412111221.0
008 - FIXED-LENGTH DATA ELEMENTS--GENERAL INFORMATION
fixed length control field 010328s19uu xx 00 eng d
020 ## - INTERNATIONAL STANDARD BOOK NUMBER
International Standard Book Number 1-85346-344-2
050 ## - LIBRARY OF CONGRESS CALL NUMBER
Classification number TR(GS 371.2
Item number W47 1995
100 ## - MAIN ENTRY--PERSONAL NAME
Personal name West, Neville
245 ## - TITLE STATEMENT
Title Middle management in the primary school /
Statement of responsibility, etc Neville West.
260 ## - PUBLICATION, DISTRIBUTION, ETC. (IMPRINT)
Place of publication, distribution, etc London :
Name of publisher, distributor, etc David Fulton Publishers Ltd,
Date of publication, distribution, etc 1995.
300 ## - PHYSICAL DESCRIPTION
Extent xi p. ; 132 p.
520 ## - SUMMARY, ETC.
Summary, etc a development guide for curriculum leaders, subject managers and senior staff.
650 ## - SUBJECT ADDED ENTRY--TOPICAL TERM
Topical term or geographic name as entry element Curriculum
650 ## - SUBJECT ADDED ENTRY--TOPICAL TERM
Topical term or geographic name as entry element Education
Holdings
Withdrawn status Lost status Damaged status Home library Current library Shelving location Date acquired Source of acquisition Total Checkouts Full call number Barcode Date last seen Price effective from Koha item type
      Elizalde Library Elizalde Library Teachers Reference Section 03/28/2001     TR(GS 371.2 W47 1995 E0108 04/12/2014 04/12/2014 Books

Middle management in the primary school /

APA

West N., . (1995). Middle management in the primary school. London: David Fulton Publishers Ltd.

Chicago

West Neville, . 1995. Middle management in the primary school. London: David Fulton Publishers Ltd.

Harvard

West N., . (1995). Middle management in the primary school. London: David Fulton Publishers Ltd.

MLA

West Neville, . Middle management in the primary school. London: David Fulton Publishers Ltd. 1995.

  • Place hold
  • Print
  • Cite
  • Add to your cart (remove)
  • Save record
    BIBTEX Dublin Core MARCXML MARC (non-Unicode/MARC-8) MARC (Unicode/UTF-8) MARC (Unicode/UTF-8, Standard) MODS (XML) RIS
  • More searches
    Search for this title in:
    Other Libraries (WorldCat) Other Databases (Google Scholar) Online Stores (Bookfinder.com) Open Library (openlibrary.org)

Exporting to Dublin Core...

SOUTHVILLE LIBRARY

Southville International School and Colleges Library

1281 Tropical Ave. Cor. Luxembourg St., BF Homes International, Las Pinas City

Tel. No. 8256374 / 252358 Loc. 117/146

Powered by Koha